00482nmm a2200157Ia 4500008004100000020001800041041000800059100002900067245004200096264006600138300001800204650002700222856005100249942000700300999001700307251105s9999||||xx |||||||||||||||||und|| a9788490643075 aspa aMatilla i Serrano, Kathy 0aCambio social y Relaciones Públicas a[Madrid, España] :bUniversitat Oberta de Catalunya, c2014 a246 páginas aEconomics and Business uhttps://public.digitaliapublishing.com/a/36917 cCF c87701d87701